La mediacin̤-reparacin̤ en el derecho penal de adultos

Detalles Bibliográficos
Autor principal: Vz̀quez-Portomeę Seijas, Fernando
Formato: eBook
Lenguaje:español
Publicado: Madrid: Dykinson, 2022
Materias:
Acceso en línea:Acceso restringido

MARC

LEADER 00000nam a22000007a 4500
005 20220720020144.0
007 cr|||| ||||
008 220720s2022 es |||||s|||| 00||0 spa d
020 |a 978-84-1122-154-2 
035 |a 36476 
040 |a vLex 
090 |c 13625  |d 13625 
100 1 |a Vz̀quez-Portomeę Seijas, Fernando 
245 1 2 |a La mediacin̤-reparacin̤ en el derecho penal de adultos  |h [Recurso electrn̤ico] /  |c Fernando Vz̀quez-Portomeę Seijas 
256 |a Servicio en ln̕ea 
260 |a Madrid:  |b Dykinson,  |c 2022 
300 |a 1 recurso electrn̤ico 
500 |a Presentada como una de las manifiestaciones ms̀ sobresalientes de la justicia restaurativa, la mediacin̤ penal plantea numerosas incg̤nitas, las ms̀ sugerentes, quiz,̀ las relativas a su capacidad de rendimiento en el Derecho penal de adultos y de adaptacin̤ a los principios esenciales que lo presiden. Esta obra pretende reflexionar sobre su presente y futuro, a la luz del Derecho vigente en la materia (Cd̤igo penal, Estatuto de la Vc̕tima y Ley Integral 1/2004 de 28 de diciembre) y del Anteproyecto de Reforma de la LECrim, aprobado por el Consejo de Ministros el 24 de noviembre de 2020. Se organiza en cuatro partes: en la primera se abordan el anl̀isis del marco normativo de la mediacin̤, de las experiencias en Espaą, de los elementos que la definen y de su relacin̤ con los fines de las penas; en la segunda se delimita el contenido de los principios y garanta̕s que la presiden, prestǹdose especial atencin̤ a los problemas y dudas que suscita la necesaria vigencia del principio constitucional de presuncin̤ de inocencia; en la tercera se describen las consecuencias que puede desplegar en determinadas figuras de la Parte General del Cd̤igo penal; y en la cuarta, por l︢timo, se incide en una cuestin̤ ampliamente tratada por la doctrina espaǫla: la decisin̤ (polt̕ico-criminalmente discutible) de prohibirla en casos de violencia de gňero. El objetivo fundamental del trabajo es el de examinar los principales problemas ter̤icos y prc̀ticos que suscita, tratando de afrontarlos con criterios materiales y planteando reformas legislativas orientadas a facilitar su incardinacin̤ en el Derecho penal de adultos. Para ello se han tenido presente tanto las nuevas va̕s interpretativas que ofrecen tanto la doctrina y jurisprudencia espaǫlas, como la literatura especializada existente en los pas̕es que forman parte de nuestro entorno jurd̕ico ms̀ prx̤imo (Portugal, Italia, Alemania) y en el mundo anglosajn̤. 
506 1 |a Disponible solo en los productos indicados  |d vLex Global  |d vLex Global (Academic Edition, excluding Law Schools)  |d vLex Global (U.S. Academic Edition, Law Schools)  |d vLex Global (U.S. Academic Edition, excluding Law Schools)  |d vLex Global (Academic Edition, Law Schools) 
650 0 4 |a Derecho Penal  |z Espaą 
740 0 |a vLex Libros (Servicio en ln̕ea) 
856 4 0 |u https://app.vlex.com/#/sources/36476  |z Acceso restringido 
942 |c BOOK 
999 0 |a Criminal law